| 000 | 01002cam a2200301 a 4500 | ||
|---|---|---|---|
| 001 | 33634 | ||
| 005 | 20230410132758.0 | ||
| 008 | 040818s2004 enka 000 0 eng d | ||
| 035 | _a13712785 | ||
| 925 | 0 |
_aacquire _b1 shelf copy _xpolicy default |
|
| 942 |
_2lcc _cbk |
||
| 010 | _a 2004445165 | ||
| 020 | _a1919930515 (Double Storey) | ||
| 020 | _a1853395935 (ITDG Pub.) | ||
| 035 | _a(OCoLC)ocm56218804 | ||
| 040 |
_aUAB _cUAB _dDLC |
||
| 050 | 1 | 4 |
_aQC 981.8 _bO67c 2004 |
| 082 | 0 | 0 |
_a363.738/74526 _222 |
| 100 | 1 | _aOrford, Margie. | |
| 245 | 1 | 0 |
_aClimate change and the Kyoto Protocol's clean development organism : _bBrazil, Bangladesh, Indonesia, South Africa / _cMargie Orford ; with Stefan Raubenheimer and Barry Kantor. |
| 260 |
_aLondon : _bITDG, _cc2004. |
||
| 300 |
_a107 p. : _bill. ; _c20 cm. |
||
| 650 | 0 |
_aClimatic changes _xGovernment policy. |
|
| 650 | 0 | _aGlobal environmental change. | |
| 700 | 1 | _aRaubenheimer, Stefan. | |
| 700 | 1 | _aKantor, Barry. | |
| 923 | _acopyright | ||
| 999 |
_c87598 _d87598 |
||